Statistics for World Capitals Closest to Jerusalem - 30 Second Sprint

Click here to take the quiz!

General Stats

  • This quiz has been taken 15 times
  • The average score is 9 of 20

Answer Stats

kmCapitalmiles% Correct
217Damascus135
100%
71Amman50
92%
932Ankara579
85%
237Beirut147
85%
430Cairo267
77%
1376Riyadh855
77%
879Baghdad546
62%
415Nicosia258
62%
1559Tehran969
62%
1616Manama1004
38%
1396Tbilisi868
38%
1628Baku1012
31%
1250Kuwait City777
31%
1253Yerevan779
31%
1256Athens780
15%
1619Bucharest1006
15%
1606Sofia998
15%
1735Pristina1078
0%
1670Skopje1038
0%
1736Tirana1079
0%

Score Distribution

Percentile by Number Answered

Percent of People with Each Score

Your Score History

You have not taken this quiz